| 000 | 00947nas a2200301 4500 | ||
|---|---|---|---|
| 001 | BR2016002206 | ||
| 003 | BR-BrBNA | ||
| 005 | 20231205130440.0 | ||
| 007 | ta | ||
| 008 | 230509b bl.|||p| |||| 00| 00por d | ||
| 040 |
_aBR-BrBNA _bpor _cBiblioteca Nacional de Agricultura |
||
| 041 | _a(Pt) | ||
| 072 | _aL74 | ||
| 100 | 1 | _aMoura, M.P. de | |
| 100 | 1 | _aCorgozinho, K.B. | |
| 100 | 1 | _aCavalcanti, J.V.J. | |
| 100 | 1 | _aSouza, H.S.M. de | |
| 100 | 1 | _aCastro, M.C.N. | |
| 100 | 1 | _aFerreira, A.M.R. | |
| 245 | 1 | _aAvaliação da pressão arterial sistólica não invasiva e do grau de proteinúria em gatos domésticos diabéticos | |
| 650 | _aGATO | ||
| 650 | _aDIABETE | ||
| 650 | _aPRESSAO ARTERIAL | ||
| 650 | _aCORACAO | ||
| 773 | 0 |
_tRevista Brasileira de Medicina Veterinária (Brazil) _xISSN 0100-2430 _g(Oct-Dec 2015), v. 37(4) p. 334-338 _wBR2016002206 |
|
| 909 |
_a202311 _bLúcia _c55 _dLúcia Elande |
||
| 942 |
_2AGRIS _n0 _cANA |
||
| 999 |
_c249501 _d249501 |
||